|
|
|
|
| LEADER |
00000nab a2200000 a 4500 |
| 001 |
vtls000033465 |
| 003 |
SK-MaSNL |
| 005 |
20260303023416.0 |
| 008 |
190108c1979 xo 0 slo |
| 015 |
|
|
|a SNBRB19rr/mm-uuuuu
|
| 035 |
|
|
|a CL0043559
|
| 040 |
|
|
|a SNKBUCL
|b slo
|c SNKBUCL
|e AACR2
|
| 041 |
0 |
|
|a slo
|
| 044 |
|
|
|a xo
|c SK
|
| 080 |
|
|
|a 331.88(437)
|2 1981
|
| 080 |
|
|
|a 379.8
|2 1981
|
| 100 |
1 |
|
|a Hudák, Eugen
|4 aut
|9 928078
|
| 245 |
1 |
0 |
|a Prítomnosť a perspektívy
|b Hovoríme o rekreačnej starostlivosti ROH
|c Eugen Hudák, R. Spišiak
|
| 610 |
2 |
7 |
|a Revolučné odborové hnutie
|2 SNKKA
|9 36449
|
| 650 |
0 |
7 |
|a rekreácie výberové
|2 snkbucl
|9 926596
|
| 655 |
|
7 |
|a články z novín a časopisov
|2 snkbucl
|9 267496
|
| 700 |
1 |
|
|a Spišiak, R.
|4 aut
|9 921658
|
| 773 |
0 |
|
|t Práca
|g Roč. 34, č. 184 (7. 8. 1979), s. 4
|
| 850 |
|
|
|a Slovenská národná knižnica v Martine
|a MTA001
|
| 852 |
|
|
|a SNK
|b KIS3GCP
|
| 958 |
|
|
|a RK
|
| 992 |
|
|
|a RBX
|
| 999 |
|
|
|c 1634321
|d 1636251
|